000 00643nam a22001577a 4500
003 OSt
005 20150913151750.0
008 150913b xxu||||| |||| 00| 0 eng d
040 _cRUA
082 _aAGR SOK 1996 B016 Or.1
100 _9397
_aSOK, PHALLIN.
245 _aFarming system development in craing yov kandal province ការអភិវឌ្ឍន៏ប្រព៏ន្ធកសិដ្ឋាន តាមលក្ខណៈគ្រួសារនៅមជ្ឈមណ្ឌល ក្រាំយ៉ូវ ខេត្តកណ្តាល
260 _aPhnom Penh
_bRUA
_c1996
300 _a73p.
_bill.
_c29cm.
942 _2ddc
_cAGR
999 _c376
_d376